Get the Picture: Which Movie Star? II Quiz Stats

 Plays Quiz Updated Jul 3, 2019

Score 0/16 Timer 02:00
7 Plays Today
Question Answer Wrong Answers
Men in Black Will Smith
97.6%
Keira Knightley
0.2%
Melissa McCarthy
0.1%
Matt Damon
0.2%
The Bourne Identity Matt Damon
95.9%
Keira Knightley
0.8%
Will Smith
0.8%
Melissa McCarthy
0.6%
Saving Private Ryan Matt Damon
95.4%
Keira Knightley
1.3%
Will Smith
0.8%
Melissa McCarthy
0.6%
Ali Will Smith
94.5%
Keira Knightley
1.6%
Melissa McCarthy
1%
Matt Damon
0.8%
Independence Day Will Smith
94.3%
Keira Knightley
0.8%
Melissa McCarthy
0.3%
Matt Damon
2.8%
Pirates of the Caribbean: The Curse of the Black Pearl Keira Knightley
93.6%
Will Smith
1.6%
Melissa McCarthy
1.2%
Matt Damon
1.9%
Bridesmaids Melissa McCarthy
91.4%
Keira Knightley
6.3%
Will Smith
0.3%
Matt Damon
0.3%
Bad Boys Will Smith
90.3%
Keira Knightley
1.7%
Melissa McCarthy
2.1%
Matt Damon
4.3%
The Martian Matt Damon
89.9%
Keira Knightley
1.6%
Will Smith
5.3%
Melissa McCarthy
1.4%
Love Actually Keira Knightley
88.8%
Will Smith
1.9%
Melissa McCarthy
4.4%
Matt Damon
3%
Ghostbusters (2016) Melissa McCarthy
88.7%
Keira Knightley
3.4%
Will Smith
4.5%
Matt Damon
1.7%
Bend It Like Beckham Keira Knightley
86.9%
Will Smith
1.9%
Melissa McCarthy
3%
Matt Damon
6.5%
Identity Thief Melissa McCarthy
74.3%
Keira Knightley
4.2%
Will Smith
7.6%
Matt Damon
11.9%
Atonement Keira Knightley
70.8%
Will Smith
8.9%
Melissa McCarthy
3.9%
Matt Damon
14.5%
Elysium Matt Damon
68.6%
Keira Knightley
11.4%
Will Smith
14.2%
Melissa McCarthy
3.8%
Can You Ever Forgive Me? Melissa McCarthy
53.6%
Keira Knightley
32.3%
Will Smith
5.6%
Matt Damon
6.6%

Today's Daily Dose

You're not logged in!

Compare scores with friends on all Sporcle quizzes.
OR
Log In

Sporcle TV

Today on Sporcle TV


Watch our educational content, quiz creation guides, and fun videos on Sporcle TV.

Show Comments

Extras

Top Quizzes Today


Score Distribution

Your Account Isn't Verified!

In order to create a playlist on Sporcle, you need to verify the email address you used during registration. Go to your Sporcle Settings to finish the process.

Report this User

Report this user for behavior that violates our Community Guidelines.

Details: